000 00867nam a2200289 a 4500
008
020 _a0198517319 (cased)
049 _aMAIN
090 _aQC793.3.S8
_bPET
100 1 _aPetkov, I. Zh.
245 1 0 _aNuclear density functional theory /
_cI. Zh. Petkov and M.V. Stoitsov.
260 _aOxford :
_bClarendon Press,
_c1991.
300 _ax, 362 p. ;
_c25 cm.
440 0 _aOxford studies in nuclear physics ;
_v14.
504 _aIncludes bibliographical references.
500 _aIncludes index.
650 0 _aNuclear structure.
650 0 _aDensity functionals.
650 0 _aMany-body problem.
650 0 _aQuantum theory.
700 1 _aStoitsov, M. V.
907 _a.b10123507
_b22-02-13
_c28-05-04
003
005 20230123133722.0
040 _cNUST
942 _cBOOKS
_kQC793.3.S8
_mPET
999 _c153458
_d153458